000 00554nam a2200181 i 4500
001 67371
003 ES-MaACL
005 20230906170044.0
007 t|
008 040520s2002 bo ||||1| spa d
080 _a929 Parada de Brown, Lydia
100 1 _aParada de Brown, Lydia.
_988907
245 1 0 _aPeregrinación poética
_b: mis memorias, 2da. parte /
_cLydia Parada de Brown.
260 _aTrinidad, Beni :
_b[s.n.],
_c2002.
300 _a194 p. ;
_c21 cm.
600 1 4 _aParada de Brown, Lydia.
_988907
852 _aES-MaACL
_jL-27578
_bR.133082
999 _c67371
_d67371